000 00441nam a22001697a 4500
003 BDDh-ASL
005 20231015031030.0
008 221014s1880 p ||||| |||| 00| 0 u d
040 _aBDDh-ASL
_cBDDh-ASL
041 _aurd
082 _a297
_bSUN
245 0 0 _aSunan-e Nasai : / سنن نسا‏ئی
260 _aLahore :
_bSiddiqi Press ,
_c1880/1302 H.
300 _a664 p. :
_c25 cm.
650 0 _93956
_aHadith
942 _2ddc
_cBK
999 _c29470
_d29470